Statistiken für Vereine, in denen Ronaldo spielte

Klicken Sie hier um das Quiz zu spielen!

Allgemein

  • Dieses Quiz wurde 288 mal gespielt
  • Das Durchschnittsergebnis liegt bei 6 aus 8

Antwortstatistiken

BeginnVerein% Korrekt
2021/22Manchester United
98%
2003/04Manchester United
98%
2009/10Real Madrid
98%
2018/19Juventus Turin
97%
1997/98Sporting Lissabon
94%
2022/23Al Nassr
83%
1995/96CD Nacional
12%
CF Andorinha
9%

Verteilung der Resultate

Perzentil nach korrekt beantworteten Fragen

Anzahl Personen mit jedem Resultat

Ihre Resultats-Entwicklung

Sie haben dieses Quiz noch nicht gespielt